00436nam a2200157Ia 4500008004100000040001900041041001200060082002400072245006200096260002700158300002900185504001900214650000800233651001900241850001800260131103s9999 xx 000 0 und d aLoreto College aEnglish a740/TURbLCBED/2175 aGreat schools of paintingb a first book of European art  aLondonbSidgwickc1915 axii,244p.b ill.c 20cm. aIncludes index aArt aEuropean - Art aLCBED/740/TUR